000 00553nam a2200193Ia 4500
005 20250508162738.0
008 008 250505s9999 xx 000 0 hin d
037 _aTextual
040 _aFEDL
_beng
_cFEDL
041 _ahin
_2eng
084 _a155, HUR
_qFEDL
100 _aHurlock Elizabeth B.
245 0 _aVikas - manovigyan. Part 2
260 _aNew Delhi, India
_bHindi Madhyam Karnvayan Nideshalaya
_c1967
300 _axx,308p.
650 _aDevelopmental Psychology
942 _cTEXL
_h155, HUR
999 _c1378449
_d1378449